00822cas a22002297ar450000500170000000800410001701000100005801100100006802200140007803500100009224501280010226000870023030000070031731000120032436200150033650000530035165000440040465000460044878500530049486600220054786600230056920220329142318.0000609d19761986es zr pernn 0 b0spa d a81488 a82460 a0210-332X a9295600aComunicaciones I.N.I.A. Serie :bEconomía y Sociología Agrariasc/por Ministerio de Agricultura, Pesca y Alimentación0 aMadrid, España :bMinisterio de Agricultura, Pesca y Alimentación,c1976-1986. av. aRegular an.18, 1985 aSe dejó de recibir a partir del n. 19 de 1986.14aEconomíaxPublicaciones periódicas.14aSociologíaxPublicaciones periódicas. tComunicaciones I.N.I.A. : Serie Economía 1986- an.1-4 (1976-1977) an.6-19 (1979-1986)